| 000 | 01468nam a2200361 a 4500 | ||
|---|---|---|---|
| 001 | ebr10671561 | ||
| 003 | CaPaEBR | ||
| 006 | m u | ||
| 007 | cr cn||||||||| | ||
| 008 | 091027s2010 enka sb 001 0 eng d | ||
| 010 | _z 2009041851 | ||
| 020 | _z9781848211766 | ||
| 020 | _z9781118620700 (e-book) | ||
| 040 |
_aCaPaEBR _cCaPaEBR |
||
| 035 | _a(OCoLC)841168727 | ||
| 050 | 1 | 4 |
_aTJ216 _b.C62 2010eb |
| 082 | 0 | 4 |
_a629.8/3 _222 |
| 245 | 0 | 0 |
_aCo-design approaches to dependable networked control systems _h[electronic resource] / _cedited by Christophe Aubrun, Daniel Simon, Ye-Qiong Song. |
| 260 |
_aLondon : _bISTE ; _aHoboken, N.J. : _bWiley, _c2010. |
||
| 300 |
_axiv, 314 p. : _bill. |
||
| 504 | _aIncludes bibliographical references and index. | ||
| 533 |
_aElectronic reproduction. _bPalo Alto, Calif. : _cebrary, _d2013. _nAvailable via World Wide Web. _nAccess may be limited to ebrary affiliated libraries. |
||
| 650 | 0 |
_aFeedback control systems _xReliability. |
|
| 650 | 0 |
_aFeedback control systems _xDesign and construction. |
|
| 650 | 0 |
_aSensor networks _xReliability. |
|
| 650 | 0 |
_aSensor networks _xDesign and construction. |
|
| 655 | 7 |
_aElectronic books. _2local |
|
| 700 | 1 | _aAubrun, Christophe. | |
| 700 | 1 |
_aSimon, Daniel, _d1954- |
|
| 700 | 1 | _aSong, Ye-Qiong. | |
| 710 | 2 | _aebrary, Inc. | |
| 856 | 4 | 0 |
_uhttp://site.ebrary.com/lib/rucke/Doc?id=10671561 _zAn electronic book accessible through the World Wide Web; click to view |
| 999 |
_c163527 _d163527 |
||